000 01131nam a2200301 i 4500
001 000041147
003 DO-SdBNP
005 20240911134059.0
007 ta
008 100303s1994 dr a r 000 0 spa d
040 _aDO-SdBNP
_bspa
_cBNPHU
_erda
082 4 _a079.7293
_bC957hi
_222
100 1 _aCruz Sánchez, Filiberto,
_913112
_4aut.
_eautor
245 1 0 _aHistoria de los medios de comunicación en República Dominicana /
_cFiliberto Cruz Sánchez.
264 _aSanto Domingo :
_bEditora El Nuevo Diario,
_c1994.
300 _a223 páginas:
_bilustraciones ;
_c21 cm.
336 _atexto
_btxt
_2rdacontent
337 _asin mediación
_bn
_2rdamedia
338 _avolumen
_bnc
_2rdacarrier
500 _aIncluye referencias bibliográficas y notas al pie de las páginas
504 _aBibibliografía : páginas 219-222
590 _aInventariado, 2018/DG
650 4 _aPrensa
_zRepública Dominicana
_xHistoria
_986
650 4 _aPolítica y prensa
_936368
650 4 _aMedios de comunicación de masas
_xAspectos políticos
_936369
650 4 _aImprenta
_xHistoria
_zRepública Dominicana
_936370
942 _2ddc
_cLBS1
999 _c40637
_d40637